Caliente y confortable: historia de la cama

Uloženo v:
Podrobná bibliografie
Hlavní autor: Wright, Lawrence (Autor)
Médium: Kniha
Jazyk:španělština
Vydáno: Barcelona Noguer S. A 1964
Vydání:1a. ed
Témata:
Tagy: Přidat tag
Žádné tagy, Buďte první, kdo vytvoří štítek k tomuto záznamu!

MARC

LEADER 00000cam a2200000 a 4500
001 UCC0140
003 CL-VaPUC
008 170721e19640000sp |||||||||||||||||spa|d
082 0 4 |a 749.3  |b WRI  |2 21 
100 0 |a Wright, Lawrence  |e author  |9 594071 
245 1 0 |a Caliente y confortable: historia de la cama 
250 |a 1a. ed 
300 |a 396 p 
942 |c BK 
945 |d 20170721 23:47:00  |a dcastane 
260 |a Barcelona  |b Noguer S. A  |c 1964 
650 0 |a Camas   |9 594072 
650 0 |a Mobiliario  |9 487304 
650 0 |a Costumbres y tradiciones   |9 268292 
583 |a last modification  |c 20170721 23:47:00  |k Rodrigo Vera 
999 |c 369078  |d 369076 
952 |0 0  |1 0  |3 erd  |4 0  |6 749_300000000000000_WRI_1964  |7 0  |8 A  |9 484625  |a BIBARQ  |b BIBARQ  |i 5411041  |o 749.3 WRI 1964  |p 5411041  |r 2025-01-20  |w 2019-11-24  |y BK  |z Catalogado en:20170721  |k ARQ